Culture Générale - Série 2239 - Statistiques

Statistiques générales
  • Ce quiz a été pris 141 fois
  • Le résultat moyen est 5 sur 10
Statistiques - réponses
Question Réponse % Correct
Comment appelle-t-on un récit où l'auteur raconte sa propre vie ? autobiographie
84%
Dans le dessin animé de Walt Disney "Pinocchio", comment s'appelle le cordonnier ? Geppetto
76%
Au Moyen Âge comment appelait-on le renard ? goupil
76%
Dans la mythologie grecque, comment s'appelle le fleuve des enfers ? Styx
54%
De quel pays Alberto Fernàndez est-il le Président de la République depuis le 10 décembre 2019 ? voir photo Argentine
51%
Dans le roman "Les misérables" de Victor Hugo, comment s'appelle la mère de Cosette ? Fantine
51%
Qui a écrit "Zazie dans le métro" en 1959 ? prénom et nom Raymond Queneau
48%
Qui a succédé à Edith Cresson en avril 1992 comme 1er ministre ? - prénom et nom Pierre Bérégovoy
32%
Qui a écrit "Ravage" en 1943 ? prénom et nom René Barjavel
29%
Quel joueur de football a marqué le premier but en or de l'histoire de la coupe du monde ? prénom et nom Laurent Blanc
22%
Aucun quiz correspondant
Distribution des résultats
% des personnes avec chaque résultat
Percentile par nombre de réponses
Votre historique - résultats
Vous n’avez pas pris ce quiz